00518nam a2200145Ia 4500008004100000020002000041040002900061050002200090100004000112245004300152260003200195942000700227952012300234999001500357221216s9999||||xx |||||||||||||| ||und|| a9780335-22222-3 cChuka University Library aBF 77b .M33 2008 aMcDonald, Mathew and Mita Das92465 0aWhat to do with your psychology degree aMcGrawhill bNew Yorkc2008 cBK 00102lcc40708LGLaEMBbEMBcGENd2022-12-16l0oBF 77 .M33 2008p7974/2011r2022-12-16 00:00:00t2w2025-04-04yBK c3355d3355